[Event "SLO-chT (Women)"]
[Site "Radenci"]
[Date "2023.05.11"]
[Round "1.2"]
[White "Mar, Karmen"]
[Black "Petauer, Eva"]
[Result "1-0"]
[WhiteElo "1885"]
[BlackElo "1838"]
[PlyCount "75"]
[EventDate "2023.05.11"]
[EventType "team-tourn"]
[EventRounds "5"]
[EventCountry "SLO"]
[SourceTitle "CBM 214 Extra"]
[Source "ChessBase"]
[SourceDate "2023.07.31"]
[SourceVersion "1"]
[SourceVersionDate "2023.07.31"]
[SourceQuality "1"]
[WhiteTeam "Maribor Poligram (W)"]
[BlackTeam "Celje (W)"]
[WhiteTeamCountry "SLO"]
[BlackTeamCountry "SLO"]

1. e4 e5 2. Nf3 Nc6 3. Bc4 Nf6 4. d3 Be7 5. 0-0 0-0 6. Re1 d6 7. a4 Na5 8. Ba2 c5 9. c3 Nc6 10. Na3 h6 11. Bd2 Re8 12. Nc2 Bf8 13. Ne3 Be6 14. Bd5 Bxd5 15. exd5 Ne7 16. c4 Qd7 17. Nh4 g5 18. Qf3 Bg7 19. Nhf5 Nxf5 20. Qxf5 Qxf5 21. Nxf5 Bf8 22. f3 Kh7 23. g4 b6 24. a5 Kg6 25. Ra3 bxa5 26. Rxa5 Red8 27. Bc3 Ng8 28. Ra6 f6 29. Rea1 Rd7 30. R1a2 h5 31. h3 Nh6 32. Ng3 hxg4 33. hxg4 Bg7 34. Ne4 Nf7 35. Kg2 f5 36. Nxc5 Re7 37. Ne6 Rd7 38. gxf5+ 1-0

[Event "SLO-chT (Women)"]
[Site "Rogaska Slatina"]
[Date "2022.05.14"]
[Round "2.2"]
[White "Mar, Karmen"]
[Black "Petauer, Eva"]
[Result "1-0"]
[WhiteElo "2003"]
[BlackElo "1826"]
[PlyCount "73"]
[EventDate "2022.05.13"]
[EventType "team-tourn"]
[EventRounds "5"]
[EventCountry "SLO"]
[SourceTitle "EXT 2024"]
[Source "ChessBase"]
[SourceDate "2023.10.10"]
[SourceVersion "1"]
[SourceVersionDate "2023.10.10"]
[SourceQuality "1"]
[WhiteTeam "Maribor Poligram (W)"]
[BlackTeam "Celje (W)"]
[WhiteTeamCountry "SLO"]
[BlackTeamCountry "SLO"]

1. e4 e5 2. Nf3 Nc6 3. Bc4 Nf6 4. d3 Be7 5. 0-0 0-0 6. Nc3 d6 7. a4 Na5 8. Ba2 c5 9. Bd2 Nc6 10. Nd5 h6 11. c3 Re8 12. h3 Bf8 13. Nh2 Be6 14. Qf3 Be7 15. Kh1 Rc8 16. Rg1 Na5 17. g4 g5 18. Nf1 Kg7 19. Ng3 b6 20. Rae1 Rg8 21. Nxf6 Bxf6 22. Nh5+ Kg6 23. Bd5 Be7 24. Ng3 Qd7 25. Nf5 Bf6 26. Nxh6 Rh8 27. Nf5 Rxh3+ 28. Qxh3 Rh8 29. Rg3 Rxh3+ 30. Rxh3 Bxf5 31. gxf5+ Kg7 32. Rg1 Nc6 33. Bxg5 Bxg5 34. Rxg5+ Kf6 35. Rg8 Nd8 36. Rh6+ Ke7 37. f6# 1-0

[Event "SLO-chT (Women)"]
[Site "Maribor"]
[Date "2019.05.17"]
[Round "5.4"]
[White "Vidic, Teja"]
[Black "Petauer, Eva"]
[Result "1-0"]
[WhiteElo "2102"]
[BlackElo "1896"]
[PlyCount "79"]
[EventDate "2019.04.04"]
[EventType "team-tourn"]
[EventRounds "7"]
[EventCountry "SLO"]
[SourceTitle "CBM 190 Extra"]
[Source "ChessBase"]
[SourceDate "2019.07.15"]
[SourceVersion "1"]
[SourceVersionDate "2019.07.15"]
[SourceQuality "1"]
[WhiteTeam "Maribor (W)"]
[BlackTeam "Celjski (W)"]
[WhiteTeamCountry "SLO"]
[BlackTeamCountry "SLO"]

1. Nf3 Nf6 2. c4 g6 3. b4 Bg7 4. Bb2 0-0 5. g3 d6 6. Bg2 e5 7. d3 Nc6 8. b5 Ne7 9. 0-0 a6 10. a4 Nd7 11. d4 exd4 12. Bxd4 Nf5 13. Bxg7 Nxg7 14. Nc3 Nc5 15. Nd4 Nf5 16. Ne4 Nxe4 17. Bxe4 Nxd4 18. Qxd4 a5 19. c5 dxc5 20. Qxc5 b6 21. Qc2 Ra7 22. Rfd1 Qe7 23. Rd4 Re8 24. Bc6 Rf8 25. Rad1 Be6 26. R1d3 Bf5 27. e4 Bh3 28. Qd1 Raa8 29. Bxa8 Rxa8 30. Rd8+ Rxd8 31. Rxd8+ Kg7 32. Qd4+ f6 33. Qd5 Be6 34. Qd1 Bh3 35. Rd4 Qc5 36. Qa1 Qc2 37. Qd1 Qc5 38. Rd3 Qe5 39. g4 Bxg4 40. Qxg4 1-0

[Event "SLO-chT (Women)"]
[Site "Maribor"]
[Date "2019.04.06"]
[Round "3.4"]
[White "Groselj, Kaja"]
[Black "Petauer, Eva"]
[Result "1/2-1/2"]
[WhiteElo "1499"]
[BlackElo "1896"]
[PlyCount "62"]
[EventDate "2019.04.04"]
[EventType "team-tourn"]
[EventRounds "7"]
[EventCountry "SLO"]
[SourceTitle "CBM 190 Extra"]
[Source "ChessBase"]
[SourceDate "2019.07.15"]
[SourceVersion "1"]
[SourceVersionDate "2019.07.15"]
[SourceQuality "1"]
[WhiteTeam "Domzale Tajfun (W)"]
[BlackTeam "Celjski (W)"]
[WhiteTeamCountry "SLO"]
[BlackTeamCountry "SLO"]

1. e4 e5 2. Nc3 Nf6 3. Bc4 Bb4 4. Nge2 Nc6 5. d3 d5 6. exd5 Nxd5 7. Bd2 Nxc3 8. Nxc3 0-0 9. 0-0 Bxc3 10. Bxc3 Qg5 11. Bd2 Qg6 12. Kh1 Bg4 13. f3 Bf5 14. Be3 Rad8 15. Qe2 Nd4 16. Qf2 Be6 17. Bxe6 Nxe6 18. f4 exf4 19. Bxf4 Nxf4 20. Qxf4 Qb6 21. Qc4 Rd4 22. Qc3 Rd6 23. b3 Rc6 24. Qd2 Re8 25. Rae1 Rce6 26. Rxe6 Qxe6 27. h3 h6 28. d4 c6 29. c3 Qe2 30. Rf2 Qe1+ 31. Kh2 Qxd2 1/2-1/2

[Event "SLO-chT1 East"]
[Site "Slovenia"]
[Date "2017.09.29"]
[Round "1"]
[White "Turicnik, Vlado"]
[Black "Petauer, Eva"]
[Result "1-0"]
[WhiteElo "1999"]
[BlackElo "1932"]
[PlyCount "25"]
[EventDate "2017.09.29"]
[EventType "team-tourn"]
[EventRounds "9"]
[EventCountry "SLO"]
[SourceTitle "EXT 2019"]
[Source "ChessBase"]
[SourceDate "2018.10.10"]
[SourceVersion "1"]
[SourceVersionDate "2018.10.10"]
[SourceQuality "1"]
[WhiteTeam "Slovenj Gradec"]
[BlackTeam "Celjski"]
[WhiteTeamCountry "SLO"]
[BlackTeamCountry "SLO"]

1. e4 e5 2. Nf3 Nc6 3. d4 exd4 4. Nxd4 Bb4+ 5. c3 Bc5 6. Be3 Bb6 7. Bc4 Nge7 8. Bg5 0-0 9. Nf5 d6 10. Nxg7 Kxg7 11. Qh5 Qe8 12. Qh6+ Kg8 13. Bf6 1-0

[Event "SLO-chT (Women)"]
[Site "Domzale"]
[Date "2016.04.01"]
[Round "1.2"]
[White "Petauer, Eva"]
[Black "Kejzar, Petra"]
[Result "1-0"]
[WhiteElo "1828"]
[BlackElo "1912"]
[PlyCount "75"]
[EventDate "2016.04.01"]
[EventType "team-tourn"]
[EventRounds "7"]
[EventCountry "SLO"]
[SourceTitle "EXT 2019"]
[Source "ChessBase"]
[SourceDate "2018.10.10"]
[SourceVersion "1"]
[SourceVersionDate "2018.10.10"]
[SourceQuality "1"]
[WhiteTeam "Celjski (W)"]
[BlackTeam "Prevodi Dvojka (W)"]
[WhiteTeamCountry "SLO"]
[BlackTeamCountry "SLO"]

1. e4 e5 2. Nf3 d6 3. d4 Nd7 4. Bc4 Be7 5. Nc3 c6 6. a4 a5 7. h3 Ngf6 8. 0-0 0-0 9. Be3 Nxe4 10. Bxf7+ Rxf7 11. Nxe4 d5 12. Neg5 Bxg5 13. Bxg5 Qc7 14. Bh4 e4 15. Bg3 Qb6 16. Ne5 Nxe5 17. Bxe5 Qxb2 18. Qd2 Qb6 19. Qg5 Be6 20. Ra3 Qd8 21. Qd2 Qe7 22. Rg3 b6 23. Rb1 Qd8 24. Qh6 Qe7 25. Rxb6 Bd7 26. Rb7 Kh8 27. Qd2 c5 28. Qc3 c4 29. Qb2 Qd8 30. Qa3 Qc8 31. Rxg7 Rxg7 32. Bxg7+ Kg8 33. Qg3 Qxb7 34. Bf6+ Kf7 35. Qg7+ Ke6 36. Qe7+ Kf5 37. g4+ Kf4 38. Kg2 1-0

[Event "SLO-chT (Women)"]
[Site "Ljubljana"]
[Date "2015.03.13"]
[Round "2.2"]
[White "Skuhala, Barbara"]
[Black "Petauer, Eva"]
[Result "1-0"]
[WhiteElo "1906"]
[BlackElo "1697"]
[PlyCount "103"]
[EventDate "2015.03.12"]
[EventType "team-tourn"]
[EventRounds "7"]
[EventCountry "SLO"]
[SourceTitle "EXT 2019"]
[Source "ChessBase"]
[SourceDate "2018.10.10"]
[SourceVersion "1"]
[SourceVersionDate "2018.10.10"]
[SourceQuality "1"]
[WhiteTeam "Radenska Pomgrad (W)"]
[BlackTeam "Celje (W)"]
[WhiteTeamCountry "SLO"]
[BlackTeamCountry "SLO"]

1. e4 e5 2. Nf3 Nc6 3. Bc4 Nf6 4. d3 Be7 5. 0-0 0-0 6. Re1 d6 7. c3 h6 8. Nbd2 Nh7 9. Nf1 Ng5 10. Nxg5 Bxg5 11. Ng3 Bxc1 12. Rxc1 Qg5 13. d4 Ne7 14. Qh5 Qxh5 15. Nxh5 b6 16. Ng3 g6 17. Red1 c6 18. dxe5 dxe5 19. Rd6 Rb8 20. Rcd1 Rb7 21. h3 Kg7 22. f3 Rc7 23. R1d2 Ng8 24. Nf1 Nf6 25. Ne3 Re8 26. Kf2 Ree7 27. Bb3 Ba6 28. Bc4 Bc8 29. Bb3 Ba6 30. c4 Bb7 31. c5 Nd7 32. cxb6 axb6 33. h4 Nc5 34. h5 Red7 35. hxg6 fxg6 36. Nc4 Rxd6 37. Nxd6 Kf8 38. Nxb7 Nxb7 39. Ke3 g5 40. g3 Ke7 41. Rh2 Na5 42. Rxh6 Nxb3 43. axb3 Rc8 44. Rg6 b5 45. Rxg5 Kf6 46. Rh5 c5 47. f4 exf4+ 48. gxf4 b4 49. e5+ Ke6 50. Ke4 c4 51. f5+ Ke7 52. Rh7+ 1-0

[Event "SLO-chT U16 Girls"]
[Site "Moravske Toplice"]
[Date "2014.05.18"]
[Round "5"]
[White "Vidmar, Klara"]
[Black "Petauer, Eva"]
[Result "0-1"]
[WhiteElo "1335"]
[BlackElo "1632"]
[PlyCount "64"]
[EventDate "2014.05.16"]
[EventType "team-swiss"]
[EventRounds "6"]
[EventCountry "SLO"]
[SourceTitle "EXT 2022"]
[Source "ChessBase"]
[SourceDate "2021.10.06"]
[SourceVersion "1"]
[SourceVersionDate "2021.10.06"]
[SourceQuality "1"]

1. e4 e5 2. Nf3 Nc6 3. Bc4 Nf6 4. d3 Be7 5. 0-0 0-0 6. Be3 d6 7. h3 Na5 8. Bb3 Nxb3 9. axb3 c5 10. Nc3 Ne8 11. Qd2 f5 12. Qe2 f4 13. Bd2 g5 14. Nh2 Nf6 15. Nf3 g4 16. hxg4 Bxg4 17. g3 Qe8 18. Kg2 Nh5 19. Nd5 Qd7 20. Nxe7+ Qxe7 21. d4 cxd4 22. Qd3 Qd7 23. Kg1 Bh3 24. Rfe1 Qg4 25. Nh2 Qg6 26. Nf1 Bxf1 27. Rxf1 fxg3 28. fxg3 Nxg3 29. Rxf8+ Rxf8 30. Kh2 Rf2+ 31. Kh3 Nxe4 32. Be1 Qh5# 0-1